000 00490nam a2200181 a 4500
005 20140412111323.0
008 001113s19uu xx 00 eng d
020 _a0-307-10092-8
050 _aER
_bMo74 1982
050 _aER
_bMo856 1982
245 _aThe Mother goose book /
_cillustrated by Nina Barbaresi.
260 _aNew York :
_bA Golden Book,
_c1982.
300 _a1 v. (unp.) ; ill.
650 _aPoetry for children
650 _aRhymes
999 _c104477
_d104477